| 000 | 00852nmc a2200337 a 4500 | ||
|---|---|---|---|
| 003 | AR-BaBNM | ||
| 005 | 20251128205124.0 | ||
| 008 | 306019s1993 ||||||||||||||000 | spa|| | ||
| 020 | _a968-16-1584-0 | ||
| 040 | _cAR-BaBNM | ||
| 100 | 1 | _aBaty, Gastón | |
| 245 | 1 | 0 | _aEl arte teatral |
| 250 | _a1ª ed. | ||
| 260 |
_aMéxico, D.F. _bFondo de Cultura Económica _c1993 |
||
| 300 | 0 |
_a279 p. _bil. |
|
| 490 | 0 |
_aBreviarios _vv. 45 |
|
| 500 | 0 | _aLáminas: p. 271 | |
| 504 | _aBibliografía en p. 273-279 | ||
| 650 | 4 | _aHISTORIA DEL TEATRO | |
| 650 | 4 | _aTEATRO | |
| 650 | 4 | _aHUMOR | |
| 650 | 4 | _aROMANTICISMO | |
| 650 | 4 | _aCLASICISMO | |
| 653 | 0 | _aTEATRO RELIGIOSO | |
| 653 | _aCRITICA TEATRAL | ||
| 655 | _aLITERATURA | ||
| 700 | 1 | _aChavance, René | |
| 700 | 1 |
_aArreola, Juan José _etraductor |
|
| 942 | _cBK | ||
| 998 | _cisola | ||
| 999 |
_c10074 _d10074 |
||